01302nam a22002897a 450000500170000000800410001702000150005804000070007304100080008008200220008810000420011024500370015226000460018930000310023536500240026652003850029065000230067565000240069865000290072265000300075165000350078170000290081670000280084594200120087399900190088595201080090420211218093347.0211218b ||||| |||| 00| 0 eng d a0195640853 cAL aeng 223a307.760bPATB aSujata Patel: Alice Thorner Ed911809 aBombay: Mosaic of Modern Culture aBombay:bOxford University Press.,c1996. axxxv,235 p.bPBc21x14 cm. b150.00c₹d150.00 aThis book focuses on Bombay's cultural life, the essence of which is constituted by Bombay's openness to winds blowing from all directions. The essays constituting the volume deal with various aspects of Bombay's cultural life. With several poems, photographs, paintings and film stills concerning Bombay, this volume is indispensable reading for all those interested in the city. aCommunities911802 aUrbanization911803 aSocial Conditions911804 aIntellectural Life911805 aMotion Picture Industry911806 aPATEL (Sujata) Ed911807 aAlice Thorner Ed911808 2ddccGF c220969d220969 00102ddc40708SOCaALbALd2013-03-24l0o307.760 PATBpGF00762r2021-12-18 00:00:00w2021-12-18yGF